000 01093cad a22002055a 4500
001 L156430
008 120521s2012 xxk 000 0 eng d
035 _a(Sirsi) u156430
041 0 _aeng
110 2 _aJones Lang LaSalle
_93755
245 0 4 _aThe office index
_h[electronic resource]
260 _a[S.l.]
_bJLL
_c2012
490 0 _aJones Lang LaSalle Office Index
_vMay 2012
520 _aOffice leasing demand slowed further across most of Asia Pacific in Q1 2012. Rental growth also slowed further in most major markets in the quarter but capital values increased or remained stable in most major markets. Overall leasing demand is expected to weaken moderately during 2012 and positive rental growth of up to 25% is forecast across the region for the full year. Capital values however are expected to grow at a slower rate in 2012 in most markets.
590 _aKA
651 4 _aAsia Pacific
690 _aCommercial property
_96227
856 4 0 _uhttps://www.joneslanglasalle.co.in/India/EN-GB/Pages/ResearchFilter.aspx
_zView the report at www.joneslanglasalle.co.in
942 _n0
999 _c84009
_d84009